00321nam a2200121Ia 4500008004100000041000800041082001700049100001500066245004300081260003300124300003100157365001100188240624s9999 xx 000 0 und d aeng a613.7046 GEO aGOEL ARUNA aYOGA EDUCATION PHILOSOPHY AND PRACTICE c2007aNew DelhibDeep & Deep axiv, : 329 : p. : cm. ; 24 cRSb20